| 000 | 00719nam a2200205 i 4500 | ||
|---|---|---|---|
| 001 | 82554 | ||
| 003 | ES-MaACL | ||
| 005 | 20230906174708.0 | ||
| 007 | t| | ||
| 008 | 041111s1971 sp ||||1| spa d | ||
| 100 | 1 |
_aImbert, Jean. _965212 |
|
| 245 | 1 | 0 |
_aHistoria económica (de los orígenes a 1789) / _cJean Imbert ; traducción de Armando Sáez ; revisión y puesta al día de la Bibliografía, Jaime Sobrequés y Manuel Feliú. |
| 250 | _a[1ª ed.]. | ||
| 260 |
_a[Barcelona] : _bVicens-Vives, _c[1971] |
||
| 300 |
_aXIV, 384 p. ; _c22 cm. |
||
| 700 | 1 |
_aSobrequés i Callicó, Jaume. _9106997 |
|
| 700 | 1 |
_aFeliú, Manuel. _949192 |
|
| 700 | 1 |
_aSáez, Armando. _9101346 |
|
| 852 |
_aES-MaACL _jC-56279 _bR.89170 |
||
| 999 |
_c82554 _d82554 |
||